La desterrada de la Tierra. (Record no. 59380)

MARC details
000 -LEADER
campo de control de longitud fija 00661nam a2200205 i 4500
001 - NÚMERO DE CONTROL
campo de control 59380
003 - IDENTIFICADOR DE NÚMERO DE CONTROL
campo de control ES-MaACL
005 - FECHA Y HORA DE LA ÚLTIMA TRANSACCIÓN
campo de control 20230906164024.0
007 - CAMPO FIJO DE DESCRIPCIÓN FÍSICA--INFORMACIÓN GENERAL
campo de control de longitud fija t|
008 - DATOS DE LONGITUD FIJA--INFORMACIÓN GENERAL
campo de control de longitud fija 031028s1929 sp ||||1| spa d
080 ## - NÚMERO DE LA CLASIFICACIÓN DECIMAL UNIVERSAL
Número de la Clasificación Decimal Universal 821.134.2-31"18"
100 1# - ENTRADA PRINCIPAL--NOMBRE DE PERSONA
Nombre de persona Elola, José de (
Fechas asociadas al nombre 1859-1933)
9 (RLIN) 47068
245 13 - MENCIÓN DEL TÍTULO
Título La desterrada de la Tierra.
Número de parte o sección de la obra Primera etapa,
Nombre de parte o sección de la obra El mundo-luz /
Mención de responsabilidad, etc. por El Coronel Ignotus (José de Elola).
250 ## - MENCION DE EDICION
Mención de edición 2ª ed.
260 ## - PUBLICACIÓN, DISTRIBUCIÓN, ETC.
Lugar de publicación, distribución, etc. Madrid :
Nombre del editor, distribuidor, etc. [s.n.],
Fecha de publicación, distribución, etc. 1929 (
Fabricante Rivadeneyra)
300 ## - DESCRIPCIÓN FÍSICA
Extensión 112 p,, 4 lám. ;
Dimensiones 25 cm.
500 ## - NOTA GENERAL
Nota general Primera etapa El Mundo-Luz.
594 ## - Nota al título y mención de responsabilidad
Nota al título y mención de responsabilidad Precede al tít.: Aventuras extraterrestres.
852 ## - LOCALIZACIÓN
Ubicación ES-MaACL
Número de control de estantería A-1024
Holdings
Estatus retirado Estado de pérdida Estado de daño No para préstamo Biblioteca de origen Biblioteca actual Ubicación en estantería Fecha de adquisición Fuente de adquisición Total de préstamos Signatura topográfica completa Código de barras Visto por última vez Precio de reemplazo Tipo de ítem Koha
        Biblioteca del Ateneo de Madrid Biblioteca del Ateneo de Madrid Sala Pecera Planta 1 17/01/2008     A-1024 1062284 23/02/2023 23/02/2023 Libro impreso